December 2025 Brainrot - Statistics

General Stats
  • This quiz has been taken 114 times
    56 since last reset
  • The average score is 11 of 38
Answer Stats
Hint Answer % Correct
Tuff number 67
83%
Most unemployed profession/hobby that has to do with moving your hands with lights gloving
60%
How many domers are there 4
58%
This MIGHT be the worst ______ ever comment / video
58%
Our brains ___ ______ are shrinking
53%
a _______that cost a quarter barbershop haircut
53%
What is diddyblud doing? does he think he is __________? Einstein
53%
Adrian, _________________ explain our friendgroup
53%
for anyone who just joined the stream: ___ is short for __________ (first blank) calc
48%
At what age did unc snap? 41
45%
Who was the first person home when you left to join the army dad / daddy
43%
The baby holding in his laugh is based off of a chinese man. What color is his shirt? Blue
38%
sharingan killer they call me ______ naruto
38%
Who uses lots of dings in their videos? hoopify
35%
Teacher think I'm listening the whole time I'm watching the ___ bob
33%
What should you learn instead of instagramming? Instagrammar
33%
What is Tristan Tates favorite whiskey Johnny Walker
28%
tiny bobs totr
28%
what number is associated with the kid who was shoved out of the way by the kid who said the number above 68
25%
The amazing game on the XBOX 50 (the third version) Bird game 3
25%
Thomas Shelby, _____. sigma / mafia
25%
what is this bird from 2028? Opium bird / Erosion bird
23%
Similar to a fast food item that can come in a shape of a dinosaur. Chicken stars
20%
A semi-niche/mainstream game that was popular around 2024-2025 that had to do with sheep sliming each other out crazy cattle
20%
steven here: ______ ________ hello steven
20%
Hey _________ Im a __________ (One word) Dudeman
18%
All of the kids at my school, they're all into sports. and I'm over here like go ______! I guess? sportsball
18%
| | \ flight reacts
15%
Los and his dad reaction W faps
15%
You're talking about the the compact disc, aka a CD. Cdeez nuts. Really? _______ ____ Present them
10%
coffee _____ ________ __ _______ spelt backwards is eeffoc
10%
what do you say when someone drinks their water and enjoys it W speed
10%
what do you play with your life on the line? Blox fruits
8%
who joined the fit check? triple t
8%
"Stay in school and get a good job or you'll end up like him, look at his clothes""But sir, this is _________" balenciaga
5%
The 3 dollar meal deal is just _________ __ ___ ___ __ Something to get you by
5%
tgpu pfp stork
5%
How much are the chips in the 3 dollar meal deal? 1.79
3%
No matching quizzes found
Score Distribution
Percent of People with Each Score
Percentile by Number Answered
Your Score History
You have not taken this quiz since the last reset